| 000 | 02409nam0a2200421 4500 | ||
|---|---|---|---|
| 001 | RU\NLR\bibl\1258222 | ||
| 005 | 20260412063409.0 | ||
| 010 |
_a978-5-7695-5031-7 _97000 |
||
| 021 |
_aRU _b2008-46135 _92548 |
||
| 035 | _a(nilc)RSL-KNO-003150479 | ||
| 035 | _a(NLR Aleph) 001244238 | ||
| 090 |
_a278323 _c278323 |
||
| 100 | _a20070727d2008 |||y0rusy50 ca | ||
| 101 | 0 | _arus | |
| 102 | _aRU | ||
| 105 | _aa ||||||||| | ||
| 200 | 1 |
_aУстройство и техническое обслуживание грузовых автомобилей _eучебник для подготовки водителей автотранспортных средств [категории "C" _eдля подведомственных учебно-курсовых комбинатов автомобильного транспорта] _fВ.А. Родичев |
|
| 205 | _a5-е изд., стер. | ||
| 210 |
_aМосква _cЗа рулем _cAcademia _d2008 |
||
| 215 |
_a249, [1] с. _cил. _d22 |
||
| 225 | 1 |
_aУчебник водителя _eА, В, С, D, Е |
|
| 225 | 1 | _aФедеральный комплект учебников | |
| 225 | 1 | _aСовместная программа КЖИ "За рулем" и ИЦ "Академия" по выпуску учебников для подготовки водителей автотранспортных средств | |
| 300 | _aНа обл. 5-е изд. | ||
| 300 | _a[Учебник] победитель Первого Всерос. конкурса "Водитель XXI века. Новые технологии обучения" | ||
| 320 | _aБиблиогр. в конце кн. | ||
| 320 | _aПредм. указ.: с. 247-249 | ||
| 606 |
_aГрузовые автомобили _jУчебники _3RU\NLR\auth\66557 _9888394 |
||
| 610 | 0 | _aТранспорт -- Автодорожный транспорт -- Автомобили -- Грузовые автомобили -- Учебник для курсовой системы и технического минимума | |
| 686 |
_aО335.4я75-1 _2rubbk |
||
| 686 | _aО335.4я74-1 | ||
| 700 | 1 |
_aРодичев _bВ. А. _gВячеслав Александрович _4070 |
|
| 801 | 0 |
_aRU _bРКП _c20070727 _grcr |
|
| 801 | 1 |
_aRU _bРГБ _c20070727 |
|
| 801 | 2 |
_aRU _bNLR _c20070906 _grcr |
|
| 942 | _cBOOK | ||
| 980 | _aNB | ||